The Law and Policy of the World Trade Organization Text, Cases and Materials
Salvato in:
| Autore principale: | |
|---|---|
| Altri autori: | |
| Natura: | Libro |
| Lingua: | inglese |
| Pubblicazione: |
Cambridge
Cambridge University Press
2021
|
| Edizione: | 5th Edition |
| Soggetti: | |
| Tags: |
Nessun Tag, puoi essere il primo ad aggiungerne!!
|
MARC
| LEADER | 00000nam a2200000 4500 | ||
|---|---|---|---|
| 001 | 0288954 | ||
| 005 | 20240221114417.2 | ||
| 020 | |a 978-1-108-47820-5 | ||
| 020 | |a 978-1-108-74710-3 | ||
| 041 | 0 | |a eng | |
| 044 | |a GB | ||
| 245 | 1 | 0 | |a The Law and Policy of the World Trade Organization |b Text, Cases and Materials |c Peter Van den Bossche, Werner Zdouc |
| 250 | |a 5th Edition | ||
| 264 | 1 | |a Cambridge |b Cambridge University Press |c 2021 | |
| 300 | |a 1170 s. | ||
| 610 | 2 | 0 | |a Svetová obchodná organizácia |
| 610 | 2 | 0 | |a obchod medzinárodný |
| 610 | 2 | 0 | |a obchod svetový |
| 610 | 2 | 0 | |a právo medzinárodné |
| 610 | 2 | 0 | |a právo obchodné |
| 610 | 2 | 0 | |a legislatíva |
| 610 | 2 | 0 | |a spory súdne |
| 100 | 1 | |a Bossche, Peter Van den | |
| 700 | 1 | |a Zdouc, Werner | |